SPOKEN ENGLISH: MANUAL OF SPEECH AND PHONETICS (Record no. 9971)

MARC details
000 -LEADER
fixed length control field 00860nam a22001697a 4500
003 - CONTROL NUMBER IDENTIFIER
control field SGT
020 ## - INTERNATIONAL STANDARD BOOK NUMBER
International Standard Book Number 978-81-250-5085-8
082 ## - DEWEY DECIMAL CLASSIFICATION NUMBER
Classification number 420,BAN
100 ## - MAIN ENTRY--PERSONAL NAME
Personal name BANSAL,R.K
245 ## - TITLE STATEMENT
Title SPOKEN ENGLISH: MANUAL OF SPEECH AND PHONETICS
250 ## - EDITION STATEMENT
Edition statement 4TH
260 ## - PUBLICATION, DISTRIBUTION, ETC. (IMPRINT)
Place of publication, distribution, etc NEW DELHI
Name of publisher, distributor, etc ORIENT BLACKSWAN
Year of Publication 2016
300 ## - PAGE DESCRIPTION
No. of Pages 221
650 ## - SUBJECT ADDED ENTRY--TOPICAL TERM
Topical term or geographic name as entry element ENGLISH
653 ## - KEYWORDS--INDEX TERM
Keyword term PART I: PHONETICS AND SPOKEN ENGLISH 1. INTRODUCTION 2. THE SPEECH MECHANISM 3. THE DESCRIPTION OF SPEECH SOUNDS 4. THE PHONEME, THE SYLLABLE AND PROSODIC FEATURES 5. THE SOUNDS OF ENGLISH: VOWELS 6. THE SOUNDS OF ENGLISH: CONSONANTS 7. WORD STRESS 8. FEATURES OF CONNECTED SPEECH 9. FACTORS AFFECTING THE INTERNATIONAL INTELLIGIBILITY OF INDIAN ENGLISH AND SUGGESTIONS FOR IMPROVEMENT PART II: EXERCISES FOR PRACTICE 10. VOWELS 11. CONSONANTS 12. CONSONANT CLUSTERS 13. CONVERSATIONS
942 ## - ADDED ENTRY ELEMENTS (KOHA)
Source of classification or shelving scheme Dewey Decimal Classification
Koha item type Books
942 ## - ADDED ENTRY ELEMENTS (KOHA)
-- 2
Holdings
Withdrawn status Lost status Source of classification or shelving scheme Damaged status Not for loan Home library Current library Shelving location Date acquired Vendor Name Cost, normal purchase price SGTU Bill Number Full call number Accession No. (Barcode) Date last seen Bill Date Koha item type Total Checkouts Date last borrowed
    Dewey Decimal Classification   Not For Loan SGT Science & Social Sciences Library SGT Science & Social Sciences Library Reference Book 29/09/2016 AHUJA BOOKS 250.00 SGTU 7116 420,BAN AG1947 29/09/2016 01/08/2016 Books    
    Dewey Decimal Classification     SGT Science & Social Sciences Library SGT Science & Social Sciences Library Text Book 29/09/2016 AHUJA BOOKS 250.00 SGTU 7116 420,BAN AG1948 29/09/2016 01/08/2016 Books    
    Dewey Decimal Classification     SGT Science & Social Sciences Library SGT Science & Social Sciences Library Text Book 29/09/2016 AHUJA BOOKS 250.00 SGTU 7116 420,BAN AG1949 27/12/2021 01/08/2016 Books 1 14/12/2021
    Dewey Decimal Classification     SGT Science & Social Sciences Library SGT Science & Social Sciences Library Text Book 29/09/2016 AHUJA BOOKS 250.00 SGTU 7116 420,BAN AG1950 06/02/2024 01/08/2016 Books 2 19/05/2022
    Dewey Decimal Classification     SGT Science & Social Sciences Library SGT Science & Social Sciences Library Text Book 29/09/2016 AHUJA BOOKS 250.00 SGTU 7116 420,BAN AG1951 24/12/2019 01/08/2016 Books 5 13/12/2019
    Dewey Decimal Classification     SGT Science & Social Sciences Library SGT Science & Social Sciences Library Text Book 29/09/2016 AHUJA BOOKS 250.00 SGTU 7116 420,BAN AG1952 09/12/2019 01/08/2016 Books 1 28/11/2019